| 000 | 00860nas a2200313 4500 | ||
|---|---|---|---|
| 001 | BR0104940 | ||
| 003 | BR-BrBNA | ||
| 005 | 20231205102501.0 | ||
| 007 | ta | ||
| 008 | 230509b bl.|||p| |||| 00| 00por d | ||
| 040 |
_aBR-BrBNA _bpor _cBiblioteca Nacional de Agricultura |
||
| 041 | _a(Pt) | ||
| 072 | _aH20 | ||
| 100 | 1 | _aFajardo, T.V.M. | |
| 100 | 1 | _aKuhn, G.B. | |
| 100 | 1 | _aEiras, M. | |
| 100 | 1 | _aNickel, O. | |
| 245 | 1 | _aCaracterizacao parcial de um isolado do Grapevine fanleaf virus | |
| 650 | _aUva | ||
| 650 | _aVirose Vegetal | ||
| 650 | _aRNA | ||
| 650 | _aEletroforese | ||
| 650 | _aELISA | ||
| 650 | _aClonagem | ||
| 650 | _aRio Grande do Sul | ||
| 773 | 0 |
_tFitopatologia Brasileira (Brazil) _xISSN 0100-4158 _g(Sep 2000), v. 25(3) p. 505-511 _wBR0104940 |
|
| 909 |
_a202311 _bLúcia _c55 _dLúcia Elande |
||
| 942 |
_2AGRIS _n0 _cANA |
||
| 999 |
_c167801 _d167801 |
||